| Tag |
First Indicator |
Second Indicator |
Subfields |
| LEADER |
00000cam a2200000 i 4500 |
| 001 |
in00004160495 |
| 005 |
20200304094602.0 |
| 008 |
190301s2019 enka 000 0aeng d |
| 035 |
|
|
|a (OCoLC)on1112380468
|
| 040 |
|
|
|a YDX
|e rda
|c YDX
|d COO
|d BWK
|d TXA
|
| 020 |
|
|
|a 9781472130280
|q hardback
|
| 020 |
|
|
|a 1472130286
|q hardback
|
| 020 |
|
|
|z 9781472130273 (ePub ebook)
|
| 043 |
|
|
|a e-uk---
|
| 082 |
0 |
|
|a 791.45028092
|2 23
|
| 090 |
|
|
|a PN1992.4.S7935
|b A25 2019
|
| 049 |
|
|
|a TXAM
|
| 100 |
1 |
|
|a Suchet, David,
|e author.
|
| 245 |
1 |
0 |
|a Behind the lens :
|b my life /
|c David Suchet.
|
| 264 |
|
1 |
|a London :
|b Constable,
|c 2019.
|
| 300 |
|
|
|a 320 pages :
|b illustrations (some color) ;
|c 26 cm.
|
| 336 |
|
|
|a text
|b txt
|2 rdacontent
|
| 336 |
|
|
|a still image
|b sti
|2 rdacontent
|
| 337 |
|
|
|a unmediated
|b n
|2 rdamedia
|
| 338 |
|
|
|a volume
|b nc
|2 rdacarrier
|
| 500 |
|
|
|a Illustrations on endpapers.
|
| 520 |
|
|
|a David Suchet has been a stalwart of British stage and screen for fifty years. From Shakespeare to Oscar Wilde, Freud to Poirot, Edward Teller to Doctor Who, Harold Pinter to Terence Rattigan, Questions of Faith to Decline and Fall, right up to 2019's The Price, David has done it all. Throughout this spectacular career, David has never been without a camera, enabling him to vividly document his life in photographs. Seamlessly combining photo and memoir, Behind the Lens is the story of David's remarkable life, showcasing his wonderfully evocative photographs and accompanied by his insightful and engaging commentary.
|
| 600 |
1 |
0 |
|a Suchet, David.
|
| 650 |
|
0 |
|a Television actors and actresses
|z Great Britain
|v Biography.
|
| 650 |
|
0 |
|a Television actors and actresses
|z Great Britain
|v Pictorial works.
|
| 650 |
|
0 |
|a Photography, Artistic.
|
| 945 |
|
|
|a PromptCat
|
| 948 |
|
|
|a cataloged
|b h
|c 2020/3/4
|d c
|e dmitchel
|f 9:44:28 am
|
| 994 |
|
|
|a C0
|b TXA
|
| 999 |
f |
f |
|s caf75a85-6c5b-30e3-8e52-d334d6c51c9a
|i babc216f-3b1e-3db5-ae52-6318e2e8f74a
|t 0
|
| 952 |
f |
f |
|p normal
|a Texas A&M University
|b College Station
|c Sterling C. Evans Library
|d Evans: Library Stacks
|t 0
|e PN1992.4.S7935 A25 2019
|h Library of Congress classification
|i unmediated -- volume
|m A14850776825
|
| 998 |
f |
f |
|a PN1992.4.S7935 A25 2019
|t 0
|l Evans: Library Stacks
|